000 01548nam a2200241Ia 4500
003 Ost
005 20260507075614.0
008 260507s9999||||xx |||||||||||||| ||und||
020 _a9789961004128
040 _cfsecg
041 _aara
082 _a330.1543
100 _aشرابي، عبد العزيز
_eمؤلف
245 0 _aالرياضيات الاقتصادية :
_bالمصفوفات /
_c عبد العزيز شرابي
250 _aطبعة 3
260 _aالجزائر:
_bديوان المطبوعات الجامعية,
_c2016
300 _a158 صفحة؛
_bإيضاحات ؛
_c27 سم
504 _aالمراجع ص.155
520 _aإن إقتحام المعرفة الاقتصادية و الانفصال من الظاهر الى الجوهر يتطلب من الاقتصاد المعاصر إعدادا رياضيا جيدا، و من أهم الأدوات الرياضية التي ينبغي على الاقتصادي معرفتها و التي شاع استخدامها في الاقتصاد: جبر المصفوفات نظرا لما تتيجه لنا من القدرة على تصوير العلاقات بين الظواهر و الهياكل الاقتصادية و ديناميكيتها عبر الزمن ، إن المصفوفات وسيلة منظمة لكتابة المعطيات الاقتصادية كما انها وسيلة فعالة و سريعة لاجراء العمليات الحسابية.
653 _aالإقتصاد الرياضي
653 _aالمصفوفات
942 _cكتاب
999 _c45101
_d45101